Logo Quiz Level 7 - Statistics

General Stats
  • This quiz has been taken 40 times
  • The average score is 9 of 16
Answer Stats
Picture Answer % Correct
LG
89%
Starbucks
85%
Suzuki
78%
Cadillac
70%
Oppo
70%
Buick
67%
Huawei
67%
Acura
59%
BenQ
56%
Microsoft Office
48%
Starry
48%
British Leyland
44%
Cantal
41%
ExxonMobil
41%
Walton
41%
Crazygames
33%
No matching quizzes found
Score Distribution
Percent of People with Each Score
Percentile by Number Answered
Your Score History
You have not taken this quiz